Enten-eller.

שמור ב:
מידע ביבליוגרפי
מחבר ראשי: Kierkegaard, Søren (Author)
מחברים אחרים: Cortese, Alessandro, (1940-2007) (Editor)
פורמט: ספר
שפה:איטלקית
יצא לאור: Milano : Adelphi, 1976
סדרה:Piccola biblioteca Adelphi ; 42
תגים: הוספת תג
אין תגיות, היה/י הראשונ/ה לתייג את הרשומה!

MARC

LEADER 00000nam a22000007ic4500
001 IT\ICCU\RAV\0091100
003 ItRI
005 20251105175510.0
008 900217s1976 it |||||| ||||| |||||c
020 |a 8845901939 
040 |b ita  |c Arcigay Viterbo 
041 7 |a ita  |2 ISO-639-2 
082 |a 198.9  |2 20 
100 1 |a Kierkegaard, Søren  |0 IT\ICCU\MILV\148365  |4 aut 
245 0 0 |a Enten-eller.  |c Søren Kierkegaard ; a cura di Alessandro Cortese. 
260 |a Milano :  |b Adelphi,  |c 1976 
300 |a 223 p. ;  |c 18 cm 
700 1 |a Cortese, Alessandro,  |d  (1940-2007)  |0 IT\ICCU\UBOV\406852  |4 edt 
773 0 |w IT\ICCU\CFI\0167618  |t Enten-eller  |g 1  |a Kierkegaard, Søren  |0 IT\ICCU\MILV\148365 
830 0 |a Piccola biblioteca Adelphi ;  |v 42  |0 IT\ICCU\CFI\0003745 
942 |2 ddc  |c BK  |n 0 
952 |0 0  |1 0  |2 ddc  |4 0  |6 ADE_KIE_ENT1  |7 0  |9 9865  |a VT  |b VT  |d 2025-11-05  |e Donazione Biblioteca Consorziale di Viterbo  |i B472  |l 0  |o ADE KIE ENT1  |p B472  |r 2025-11-05 17:56:22  |w 2025-11-05  |y BK  |z Donazione Biblioteca Consorziale di Viterbo 
981 1 |6 z01  |a i   |b xxxe  
982 1 |6 z01  |a n 
999 |c 8226  |d 8226